书目信息 |
| 题名: |
从小读点吴文化
|
|
| 作者: | ;胥口实验小学 编 | |
| 分册: | 高年级 | |
| 出版信息: | 苏州 古吴轩出版社 2017.4 |
|
| 页数: | 85页 | |
| 开本: | 21cm | |
| 丛书名: | 胥口实验小学经典诵读校本教材 | |
| 单 册: | ||
| 中图分类: | G624.201 | |
| 科图分类: | ||
| 主题词: | 中华文化--小学--教材 | |
| 电子资源: | ||
| ISBN: | 978-7-5546-0910-1 | |
| 000 | 01118nam 2200289 45 | |
| 001 | 012001002948 | |
| 005 | 20140824090510.0 | |
| 010 | @a978-7-5546-0910-1@dCNY20.00 | |
| 099 | @aCAL 012018077971 | |
| 100 | @a20180312d2017 ce y0chiy0110 ea | |
| 101 | 0 | @achi |
| 102 | @aCN@b320000 | |
| 105 | @aa z 000yy | |
| 106 | @ar | |
| 200 | 1 | @a从小读点吴文化@Acong xiao du dian wu wen hua@i高年级@f胥口实验小学编 |
| 210 | @a苏州@c古吴轩出版社@d2017.4 | |
| 215 | @a85页@c彩图@d21cm | |
| 225 | 2 | @a胥口实验小学经典诵读校本教材@Axu kou shi yan xiao xue jing dian song du xiao ben jiao cai |
| 300 | @a胥口镇全民阅读读本 | |
| 330 | @a本书共分为经典诵读篇 ; 亲子共读篇 ; 要求背诵篇几部分, 其主要内容包括: 横塘 ; 唐寅桃花庵图 ; 陈后宫 ; 忆旧游 ; 忆江南 ; 正月三日闲行 ; 把酒对月歌 ; 怀吴中冯秀才 ; 吴越怀古 ; 吴门十一首等。 | |
| 410 | 0 | @12001 @a胥口实验小学经典诵读校本教材 |
| 461 | 0 | @12001 @a胥口实验小学经典诵读校本教材 |
| 606 | 0 | @a中华文化@x小学@j教材 |
| 690 | @aG624.201@v5 | |
| 711 | 02 | @a胥口实验小学@Axu kou shi yan xiao xue@4编 |
| 801 | @aCN@bAHXH@c20210922 | |
| 905 | @b1282951-5@dG624.201@e1971@f5 | |
| 从小读点吴文化.高年级/胥口实验小学编.-苏州:古吴轩出版社,2017.4 |
| 85页:彩图;21cm.-(胥口实验小学经典诵读校本教材) |
| 胥口镇全民阅读读本 |
| ISBN 978-7-5546-0910-1:CNY20.00 |
| 本书共分为经典诵读篇 ; 亲子共读篇 ; 要求背诵篇几部分, 其主要内容包括: 横塘 ; 唐寅桃花庵图 ; 陈后宫 ; 忆旧游 ; 忆江南 ; 正月三日闲行 ; 把酒对月歌 ; 怀吴中冯秀才 ; 吴越怀古 ; 吴门十一首等。 |
| ● |
| 相关链接 |
|
|
|
|
正题名:从小读点吴文化
索取号:G624.201/1971
 
预约/预借
| 序号 | 登录号 | 条形码 | 馆藏地/架位号 | 状态 | 备注 |
| 1 | 1282951 | 212829518 | 第一样本阅览室/ [索取号:G624.201/1971] | 在馆 | |
| 2 | 1282952 | 212829527 | 教育系资料室/ [索取号:G624.201/1971] | 在馆 | |
| 3 | 1282953 | 212829536 | 教育系资料室/ [索取号:G624.201/1971] | 在馆 | |
| 4 | 1282954 | 212829545 | 第四借阅区/ [索取号:G624.201/1971] | 在馆 | |
| 5 | 1282955 | 212829554 | 第四借阅区/ [索取号:G624.201/1971] | 在馆 |